| 000 | 00418nam a2200169Ia 4500 | ||
|---|---|---|---|
| 008 | 240401s2022 xx und d | ||
| 041 | _aeng | ||
| 082 | _a615.7/PRA | ||
| 100 | _aDR.S.B.BHISE | ||
| 245 | _aPATHOPHYSIOLGY FOR PHARMACISTS | ||
| 250 | _a6 | ||
| 260 |
_aPUNE _bNIRALI PRAKASHAN _c2022 |
||
| 300 | _aP.B/5.22 | ||
| 650 | _aPATHOPHYSIOLGY | ||
| 650 | _aPHARMACOLOGY | ||
| 700 | _aMRS. M.S.BHISE | ||
| 999 |
_c1151932 _d1151932 |
||